000 00883akm a2200313a 44500
008 960122s1988 cat
017 _aB-38595-1988
041 _acat
041 _beng
041 _bfre
041 _bspa
080 _a639.1.02(038)
110 _aCatalunya. Generalitat. Direcció General de Política Lingüística
_961385
245 _aQue no li donin gat per llebre
_h[cartell]
_cGeneralitat de Catalunya. Direcció General de Política Lingüística
260 _a[Barcelona]
_bGeneralitat de Catalunya
_c1988
300 _bil.
520 _a12
591 _a2841
592 _aObra terminològica
593 _aKRI
594 _a2841
650 _aaviram
_964753
650 _acaça
_964976
901 _cDL <1988>
902 _a960122
942 _cMO
_2ddc
_n0
999 _c54122
_d54122